Vista normal
Vista MARC
Entrada Personal Name
Número de registros utilizados en: 1
001 - CONTROL NUMBER
- control field: 39465
003 - CONTROL NUMBER IDENTIFIER
- control field: OSt
005 - DATE AND TIME OF LATEST TRANSACTION
- control field: 20210818113225.0
008 - FIXED-LENGTH DATA ELEMENTS
- fixed length control field: 210818|| aca||aabn | a|a d
040 ## - CATALOGING SOURCE
- Original cataloging agency: OSt
- Transcribing agency: OSt
100 ## - HEADING--PERSONAL NAME
- Personal name: Jaramillo, Samuel
670 ## - SOURCE DATA FOUND
- Source citation: Work cat.: (OSt)8339: Bonilla González, Ricardo, 16981 coordinador, Bien-estar y macroeconomía 2002/2006 : , 2006